|
|
|
|
| LEADER |
00000nbm0a2200000 4500 |
| 001 |
176732 |
| 005 |
20231031165355.0 |
| 035 |
|
|
|a (RuTPU)RU\TPU\book\191624
|
| 090 |
|
|
|a 176732
|
| 100 |
|
|
|a 20100304d1971 k y0rusy50 ca
|
| 101 |
0 |
|
|a rus
|
| 102 |
|
|
|a RU
|
| 105 |
|
|
|a a p 001zy
|
| 200 |
1 |
|
|a Исследование динамических нагрузок на детали вращательно-ударных механизмов БУ-1 БГА
|e oтчет о НИР
|e тема: № 115/69
|f Томский политехнический институт (ТПИ) ; рук. В. Ф. Горбунов, В. В. Бойков, Л. А. Саруев, Ю. А. Медовый
|
| 210 |
|
|
|a Томск
|d 1971
|
| 215 |
|
|
|a 86 л.
|
| 320 |
|
|
|a Библиогр.: с. 83-86.
|
| 610 |
1 |
|
|a отчеты о НИР
|
| 610 |
1 |
|
|a динамические нагрузки
|
| 610 |
1 |
|
|a детали вращения
|
| 610 |
1 |
|
|a вращательно-ударные механизмы
|
| 610 |
1 |
|
|a экспериментальные установки
|
| 610 |
1 |
|
|a бурильные машины
|
| 610 |
1 |
|
|a труды учёных ТПУ
|
| 675 |
|
|
|a 622.24.05(04)
|v 3
|
| 702 |
|
1 |
|a Горбунов
|b В. Ф.
|c российский ученый, специалист в области горной механики
|c профессор Томского политехнического университета
|f 1926-
|g Валерий Федорович
|2 stltpush
|3 (RuTPU)RU\TPU\pers\19777
|4 673
|
| 702 |
|
1 |
|a Бойков
|b В. В.
|4 673
|
| 702 |
|
1 |
|a Саруев
|b Л. А.
|c горный инженер
|c профессор Томского политехнического университета, доктор технических наук
|f 1940-
|g Лев Алексеевич
|2 stltpush
|3 (RuTPU)RU\TPU\pers\19862
|4 677
|
| 702 |
|
1 |
|a Медовый
|b Ю. А.
|4 677
|
| 712 |
0 |
2 |
|a Томский политехнический институт (ТПИ)
|c (1944-1991)
|2 stltpush
|3 (RuTPU)RU\TPU\col\1123
|4 595
|
| 801 |
|
1 |
|a RU
|b 63413507
|c 20100304
|
| 801 |
|
2 |
|a RU
|b 63413507
|c 20160606
|g RCR
|
| 942 |
|
|
|c BK
|